An investigation morphological, semantic and cultural features of slang in English hip hop songs
Introduction; Literature review and theoretical background; Method and procedure...
Saved in:
| Main Author: | |
|---|---|
| Other Authors: | |
| Format: | Unknown |
| Language: | English |
| Published: |
Đà Nẵng :
The University of Da Nang,
2012.
|
| Subjects: | |
| Tags: |
Add Tag
No Tags, Be the first to tag this record!
|
| Institutions: | Mạng thư viện Đại học Đà Nẵng |
|---|
| LEADER | 03018na a2200397 4500 | ||
|---|---|---|---|
| 001 | 000031041 | ||
| 003 | 5341 | ||
| 005 | 20230614094202.0 | ||
| 008 | 151001s2012 000 eng | ||
| 040 | |a LNN | ||
| 041 | |a ENG | ||
| 082 | |a 420.4 |b LƯ-C |2 Morphological | ||
| 100 | |a Lương Thị Hồng Chi | ||
| 245 | 1 | 2 | |a An investigation morphological, semantic and cultural features of slang in English hip hop songs |h [Thesis-Luận văn thạc sĩ] / |c Luong Thi Hong Chi ; Luu Quy Khuong hướng dẫn. |
| 260 | |a Đà Nẵng : |b The University of Da Nang, |c 2012. | ||
| 300 | |a 85, 21 p. ; |c 29 cm. + |e 1 Abstract. | ||
| 500 | |a Master thesis in the English language. Field: The English language. Code: 60.22.15. | ||
| 520 | 3 | |a Introduction; Literature review and theoretical background; Method and procedure... | |
| 630 | 0 | 4 | |a English language. |
| 650 | 0 | 4 | |a English language |x Morphological feature. |
| 650 | 0 | 4 | |a English language |x Semantic feature. |
| 650 | 0 | 4 | |a English language |x Slang. |
| 700 | 1 | |a Luu Quy Khuong, |c Assoc. Prof. Dr., |e Supervisor. | |
| OWN | |a LNN | ||
| AVA | |a UDN50 |b LNN |c English |d 420.4 LƯ-C |e available |t Error 5001 Not defined in file expand_doc_bib_avail. |f 1 |g 0 |h N |i 0 |j AN |k 1 | ||
| Z40 | 3 | |y An investigation morphological, semantic and cultural features of slang in English hip hop songs |l Library of UFL |t VIEW |x http://catalog.udn.vn:80/F?func=service&doc_library=UDN01&local_base=UDN01&doc_number=000031041&sequence=000001&line_number=0001&func_code=DB_RECORDS&service_type=MEDIA |f TOMTATLUANVAN-CHI_000025926.pdf |e pdf |s 000271584 |k 20230614 |m NTMTHI | |
| Z40 | 3 | |y An investigation morphological, semantic and cultural features of slang in English hip hop songs |l Library of UFL |t VIEW |x http://catalog.udn.vn:80/F?func=service&doc_library=UDN01&local_base=UDN01&doc_number=000031041&sequence=000002&line_number=0002&func_code=DB_RECORDS&service_type=MEDIA |f THESIS-SLANG-CHI_000025928.pdf |e pdf |s 000549650 |k 20230614 |m NTMTHI | |
| 999 | |a From the UDN01 | ||
| AVA | |a UDN50 |b LNN |c English |d 420.4 LƯ-C |e available |t Error 5001 Not defined in file expand_doc_bib_avail. |f 1 |g 0 |h N |i 0 |j AN |k 1 | ||
| TYP | |a Printed language | ||
| 856 | |y An investigation morphological, semantic and cultural features of slang in English hip hop songs |l Library of UFL |t VIEW |x http://catalog.udn.vn:80/F?func=service&doc_library=UDN01&local_base=UDN01&doc_number=000031041&sequence=000001&line_number=0001&func_code=DB_RECORDS&service_type=MEDIA |f TOMTATLUANVAN-CHI_000025926.pdf |e pdf |s 000271584 |k 20230614 |m NTMTHI | ||
| 856 | |y An investigation morphological, semantic and cultural features of slang in English hip hop songs |l Library of UFL |t VIEW |x http://catalog.udn.vn:80/F?func=service&doc_library=UDN01&local_base=UDN01&doc_number=000031041&sequence=000002&line_number=0002&func_code=DB_RECORDS&service_type=MEDIA |f THESIS-SLANG-CHI_000025928.pdf |e pdf |s 000549650 |k 20230614 |m NTMTHI | ||
| 980 | |a Mạng thư viện Đại học Đà Nẵng | ||